000 00424nam a2200169Ia 4500
008 180921t2020 xxu||||| |||| 00| 1 sin d
041 _asin
080 _aX8C31
_bAMA
100 _aAmarasingha, Chinthanee
245 _aසංසාර්යා
246 _aSansarya
260 _bAgahas Prakashana
_aRajagiriya
_c2020
300 _a368p., 21cm
942 _cBK
999 _c8480
_d8480
003 LK-CoDNM
040 _aLK-CoDNM
_dLK-CoDNM
_eLK-CoDNM